| 000 | 01907cam a2200301 a 4500 | ||
|---|---|---|---|
| 003 | OSt | ||
| 005 | 20210104103713.0 | ||
| 008 | t 2000ck ao gr 0 0 0 spa d | ||
| 020 | _a9589393861 | ||
| 040 |
_aCO-BoPUJ _cCO-JMCR |
||
| 041 | 0 | _aspa | |
| 082 | 0 | 4 |
_a980 / _bO839a _223 |
| 100 | 1 |
_aOspina, William, _eautor _912589 |
|
| 245 | 1 | 0 |
_aAmérica mestiza : _bel país del futuro / _cWilliam Ospina ; edición Benjamin Villegas Jiménez ; presentación L. Enrique García |
| 250 | _aPrimera edición | ||
| 260 |
_aBogotá : _bVillegas Editores, _c2000 |
||
| 300 |
_a343 páginas : _bilustraciones, fotos a color ; _c36 cm. |
||
| 504 | _aIncluye referencias bibliográficas páginas 342. | ||
| 505 | 0 | _aAmérica mestiza. El país del futuro -- Lo originario de América -- El mar Caribe -- El Pacífico y los Andes -- El Amazonas -- La vida milenaria de América -- Lo que llego de Europa -- El choque de los mundos -- Lo que llego de África -- Las Américas -- La colonia -- En los reinos del espíritu -- Y se acaba el siglo XVIII -- El sueño de la libertad -- Independencia -- La carta de Jamaica -- El derecho al presente -- La guerra y la paz -- En busca de la modernidad -- En el siglo XX -- Lo que somos -- América mestiza -- El país del futuro | |
| 520 | 0 | _aEs un panorama general sobre nuestra América, un análisis minucioso sobre su devenir, una síntesis sus transformaciones, un estudio de su historia, una descripción de las fuerzas sociales que lo definen, pero, también, la evocación de una utopía. | |
| 650 | 2 | 4 |
_aSociología histórica _912590 |
| 650 | 2 | 4 |
_aDescripciones y viajes _zAmérica Latina _912591 |
| 650 | 2 | 4 |
_aCaracterísticas nacionales _zAmérica Latina _912592 |
| 650 | 2 | 4 |
_aHistoria _zAmérica Latina _912593 |
| 700 | 1 |
_aVillegas Jiménez, Benjamín _d1948- _eeditor _912594 |
|
| 700 | 1 |
_aGarcía, L. Enrique _eProloguista _912595 |
|
| 942 |
_2ddc _cBK |
||
| 999 |
_c7040 _d7040 |
||